• 首页
  • 本馆介绍
  • 公告通知
  • 最新文献
  • 馆藏检索
  • 电子资源
  • 读者导购
  • 参考咨询
  • 我的图书馆
  • 登录
  • 详细信息显示
  • 放入我的书架
  • 预约/预借图书
  • 作者相关作品
  • 分类相关作品
  • 丛书相关作品
  • 出版社相关作品

书目信息

  • 表格格式
  • 工作单格式
  • 卡片格式
书名: Anthology of Italian song of the seventeenth and eighteenth centuries
作者:
分册号:
分册名:
出版地: New York :
 
出版社: G. Schirmer
出版时间: 1894.
页数: xiv, 144 p. :
开本:
丛书名:
中图分类号:
科图分类号:
其他分类号: J651
主题词:
电子资源:
000 00624nam a2200205u 450
001 E0734061468
005 20070226093455.48
008 841120s1894 nyu 000 0 eng
010    @aunk84128128
020    @cCNY2.50.
035    @A(DLC)unk84128128
040    @aDLC@cCarP@dDLC
090    @aJ651
099    @dJ651@ex39
100 1  @aParisotii, Alessandro. [from old catalog]
245 00 @aAnthology of Italian song of the seventeenth and eighteenth centuries.
260    @aNew York :@bG. Schirmer,@c1894.
300    @axiv, 144 p. :@bcm.
906    @a0@bcbc@cpremunv@du@encip@f19@gy-gencatlg
991    @bc-Music@hM2@i.P23@tCopy 1@wPREM
    
    Anthology of Italian song of the seventeenth and eighteenth centuries.-New York : : G. Schirmer, , 1894.
    xiv, 144 p. : : cm.
    
    
    ISBN CNY2.50.
    
●
相关链接 在E读中查询图书 在五车中查询图书 在当当中查询图书 在豆瓣中查询图书


正题名:Anthology of Italian song of the seventeenth and eighteenth centuries     索取号:J651/x39         预约/预借

序号 登录号 条形码 馆藏地/架位号 状态 备注
1 49590   001688864   第四借阅区/ [索取号:J651/x39] 在馆    
2 49591   001688926   第四借阅区/ [索取号:J651/x39] 在馆    
3 49592   001688855   第四借阅区/ [索取号:J651/x39] 在馆    
唐山师范学院图书馆 欢迎您!
大连网信软件有限公司© 版权所有